000 00702cam a2200217u 4500
001 000026190
005 20200930024358.0
008 860227s1996 ve 000 |bspa
020 _a9800010815
040 _aDO-SdBNP
_cspa
_dBNPHU
082 _axxx
_bL665e
100 1 _aLevín, Pablo,
_953204
245 1 0 _aEconomía política del capital tecnológico /
_cPablo Levín ; edición al cuidado Rosa Lucía Celi.
260 _aCaracas :
_bCENDES,
_c1996.
300 _a173 p. ;
_c21 cm.
490 1 _aMención Publicación
500 _aBibliografía : p. 167-173
500 _aIncluye notas al pie de páginas
700 1 _aCeli, Rosa Lucía,
_eed.
_949733
830 0 _aMención Publicación
_929065
999 _c25682
_d25682